000 00525nam a2200157 a 4500
008 080109s1962 ||||||||||||||||| || u
050 _aHD 38 Han
100 _aHanes, Bernard
245 1 0 _aMathematics for management science
260 _aColumbus, Ohio
_bC.E. Merrill
_c[1962]
300 _a226p.
350 _a0.00
650 0 _aMANAGEMENT
650 _aMANAGEMENT SCIENCE
995 _D0.00
_FCBU-MAIN LIBRARY (Kitwe)
_H1
_I0.00
_M1
_UDAMAGED
_ZMain Library Open Access Collection
999 _c50716
_d50716